000 00497nam a2200169Ia 4500
008 090711s9999 xx 000 0 und d
082 _b75793
100 _aपाध्ये भाऊ
245 _aडोंबा-याSाा खेळ
260 _c1986
300 _a298
600 _aपाध्ये भाऊ
630 _aडोंबा-याSाा खेळ
700 _aपाध्ये भाऊ
730 _aडोंबा-याSाा खेळ
942 _cBOOK
999 _c297757
_d297757